000 00900nam a22002897a 4500
003 CHAP
005 20220329135510.0
008 971013s1942 r 00010 d
010 _a37606
011 _a38578
035 _a42698
040 _cCHAP
082 _a631.47
_bP38
100 0 0 _aPatiño, Lorenzo R.
_986185
245 _aInforme agrológico de Sta. Agueda, Tlax.
260 _aMéxico :
_bComisión Nacional de Irrigación,
_c1942
300 _a19 p.
_b: retrs. ; mapas
590 _aBATCH-UPD
_b10
_c20130110
_lUCH01
_h0121
590 _aBATCH-UPD
_b10
_c20130110
_lUCH01
_h2323
590 _aBATCH-UPD
_b10
_c20130409
_lUCH01
_h2115
590 _aBATCH-UPD
_b10
_c20130914
_lUCH01
_h1904
590 _aCONVERSION
_b10
_c20130109
_lUCH01
_h1321
650 1 4 _aSuelos
_zTlaxcala.
_9110529
901 _aBK
942 _cLIBRO
949 _a631.47 P38
_bBC
_cLIBRO
_d-98181
_eLIBRO
_h21615
_i42698
_mD
_si
999 _c37606
_d37606